00634nam a2200181 a 450000100060000000300090000600800410001502000180005604000280007408200190010210000260012124501600014726000470030730000230035465000210037765000250039865000290042326658CO-ViMGA141112s2004 ck r 000 u spa d a9789974690431 aCO-ViMGAbspacCO-ViMGA04aI809.899 S62s11 aSpeed Shaskan, Trisha10aSi tu fueras un signo menos / cTrisha Speed Shaskan ; adaptación y traducción al español Equipo Editorial Cypres ; ilustraciones Francesca Carabelli aUruguay : bLatinbooks Internatiol, c2010 a24 p : il. ; 24 cm14aLibro didactico 14aLiteratura infantil 14aMatematica - Enseñanza